000 00179 a2200097 4500
020 _a30001642
041 _aspa
100 _aDeepak Chopra
245 _aJamas Moriremos
942 _cBK
999 _c8577
_d8577